Name Phrases Quiz Stats

 Plays Quiz Updated Nov 23, 2018

Support Sporcle.
Go Orange.
Score 0/26 Timer 07:00
0 Plays Today
Definition Phrase % Correct
A stuffed toy bearTeddy bear
76.8%
A male goatBilly goat
75.3%
Full-legged, warm underwearLong Johns
72.1%
Ground meat with tomato sauce and spices served on a bunSloppy Joe
71.7%
A cramp in a thigh muscleCharley horse
70.5%
A projection in the front of the neck formed by the largest cartilage of the larynxAdam's apple
64.7%
An ordinary fellowAverage Joe
63.7%
A revolving tray found at center of a dining tableLazy Susan
59.2%
A voyeurPeeping Tom
54.7%
A pessimistGloomy Gus
48.5%
A flat wire hairpin with prongs that press close togetherBobby pin
48.3%
A person capable of many different types of workJack-of-all-trades
48%
A typical member of the general publicJohn Q. Public
45.2%
Definition Phrase % Correct
An overly talkative personChatty Kathy
44.9%
Personification of the United States or its peopleUncle Sam
42.8%
Drab, dull or ordinaryPlain Jane
40.7%
A constantly anxious personNervous Nellie
36%
One who is habitually incredulous or unwilling to believeDoubting Thomas
33.3%
Neither better off or worse offEven Steven
24.9%
A foolish fellow; a simpletonSimple Simon
15.5%
To lose steamPeter Out
13.8%
Someone on hand to perform a service, seize an opportunity or deal with an emergencyJohnny-on-the-spot
11%
A late arrival or participantJohnny-come-lately
10.8%
In a haphazard or spontaneous mannerWilly-Nilly
9.9%
Personification of England or the English peopleJohn Bull
7.1%
Showy or a person who is showyFancy Dan
1.6%

From the Vault

Bullseye Blitz: History!

by bhenderson79

History 4m
Just keep your aim steady, you'll do just fine.
Remove Ads.
Support Sporcle.
Get the best of Sporcle when you Go Orange. This ad-free experience offers more features, more stats, and more fun while also helping to support Sporcle. Thank you for becoming a member.

Show Comments

Extras

Top Quizzes Today


Score Distribution

Your Account Isn't Verified!

In order to create a playlist on Sporcle, you need to verify the email address you used during registration. Go to your Sporcle Settings to finish the process.

Report this User

Report this user for behavior that violates our Community Guidelines.

Details: